000 00822nam a2200253Ia 4500
003 OSt
005 20220925214407.0
006 a|||||r|||| 00| 0
007 ta
008 220923b |||||||| |||| 00| 0 eng d
020 _a9781844077052
_c1689.8099999999999
037 _bINSAT/48, 17/09/2009, Insat Books & Periodicals
_cGeneral Book
040 _aRTL
_cRTL
_beng
041 _2eng
_aeng
082 _aX:(R4), P9
100 _aAldred Jonathan
_9280235
245 0 _aSkeptical economist
_b Revealng the ethics inside economics.
260 _aLondon
_bEarthscan
_c2009
300 _avi, 281p
_ccm.
500 _aBibliography: P 259-69
650 _aCommerce
942 _hX:(R4), P9
_cGB
_2CC
999 _c565316
_d565316